Loading...
| Current Events | 1 | 10.00 | 100% | 0% | 0% |
| Fine Arts - Auditory Fine Arts | 4 | 25.00 | 100% | 100% | 50% |
| Fine Arts - Other Fine Arts | 7 | 15.71 | 100% | 57% | 0% |
| Fine Arts - Visual Fine Arts | 3 | 16.67 | 100% | 67% | 0% |
| Geography | 2 | 30.00 | 100% | 100% | 100% |
| History - American History | 2 | 15.00 | 100% | 50% | 0% |
| History - European History | 2 | 20.00 | 100% | 100% | 0% |
| History - Other History | 3 | 20.00 | 100% | 67% | 33% |
| History - World History | 4 | 20.00 | 100% | 100% | 0% |
| Literature - American Literature | 4 | 15.00 | 100% | 50% | 0% |
| Literature - British Literature | 4 | 20.00 | 100% | 50% | 50% |
| Literature - European Literature | 7 | 17.14 | 100% | 57% | 14% |
| Literature - World Literature | 4 | 15.00 | 100% | 50% | 0% |
| Mythology | 1 | 20.00 | 100% | 100% | 0% |
| Other Academic | 1 | 30.00 | 100% | 100% | 100% |
| Philosophy | 5 | 10.00 | 100% | 0% | 0% |
| Religion | 4 | 20.00 | 100% | 100% | 0% |
| Science - Biology | 4 | 10.00 | 75% | 25% | 0% |
| Science - Chemistry | 7 | 5.71 | 57% | 0% | 0% |
| Science - Other Science | 7 | 5.71 | 29% | 14% | 14% |
| Science - Physics | 5 | 8.00 | 80% | 0% | 0% |
| Social Science | 3 | 13.33 | 67% | 67% | 0% |